| 000 | 00368cam a22001337a 4500 | ||
|---|---|---|---|
| 008 | 180718b1969 xxu||||| |||| 00| 0 eng d | ||
| 082 | _aA6x547 G959 | ||
| 100 | _aGupta, Hari Ram | ||
| 245 |
_aThe Kutch affair _cby Hari Ram Gupta |
||
| 260 |
_aDelhi _bU.G. Kapur _c1969 |
||
| 300 | _a522p. | ||
| 650 | _aIndia - Foreign Relations - Pakistan | ||
| 650 | _aKutch - History | ||
| 999 |
_c367204 _d367204 |
||